| 000 | 01176nam0a22002891 4500 | ||
|---|---|---|---|
| 001 | rc\4477372 | ||
| 005 | 20250612094006.0 | ||
| 021 |
_aRU _b[61-55243] |
||
| 035 | _a(NLR Aleph) 008600048 | ||
| 090 |
_a8698212 _c8698212 |
||
| 100 | _a20130416d1961 |||y0rusy50 ca | ||
| 101 | 0 | _arus | |
| 102 | _aRU | ||
| 105 | _ac z ||||| | ||
| 200 | 1 |
_aДадим 700 центнеров птичьего мяса _f[Записал Б. Куликов] |
|
| 210 |
_aРостов-на-Дону _cКн. изд-во _d1961 |
||
| 215 |
_a20 с. _cпортр. _d20 |
||
| 225 | 1 | _aРавняясь на маяки | |
| 300 | _aПеред загл. авт.: В.И. Крахмалева, зав. утоководческой фермой совхоза "Койсугский", Батайского пригорода депутат обл. Совета | ||
| 606 |
_aУтки _xУход и содержание _yРостовская область _2psbo |
||
| 700 | 1 |
_aКрахмалева _bВ.И. _gВалентина Ивановна |
|
| 702 | 1 |
_aКуликов _bБ. _4570 |
|
| 801 | 0 |
_aRU _bNLR _gpsbo |
|
| 801 | 1 |
_aRU _bELAR _2rusmarc |
|
| 852 |
_aNLR _j61-4/11888 |
||
| 942 | _cBOOK | ||
| 980 | _aNB | ||